| 000 | 00336nam a22001337a 4500 | ||
|---|---|---|---|
| 020 | _a9780071267960 | ||
| 040 | _cNUST | ||
| 082 | _a621.815 ULL | ||
| 100 |
_aUllman, David G. _956181 |
||
| 245 | _aThe Mechanical Design Process | ||
| 260 |
_aNew York; _bMcGraw-Hill, _c2010. |
||
| 650 |
_aMechanical Design _9112380 |
||
| 942 |
_2ddc _cBK |
||
| 999 |
_c594748 _d594748 |
||